Statistics for 全国初詣参拝者数ランキングTOP50

Click here to take the quiz!

General Stats

  • This quiz has been taken 142 times
  • The average score is 14 of 50

Answer Stats

都道府県参拝者数Answer% Correct
東京都約319万人明治神宮
86%
愛知県約235万人熱田神宮
75%
千葉県約298万人成田山新勝寺
75%
三重県約67万人伊勢神宮
75%
福岡県約230万人太宰府天満宮
67%
島根県約59万人出雲大社
62%
神奈川県約296万人川崎大師
62%
京都府約277万人伏見稲荷大社
61%
神奈川県約251万人鶴岡八幡宮
60%
茨城県約67万人鹿島神宮
51%
大阪府約235万人住吉大社
51%
東京都約239万人浅草寺
50%
奈良県約82万人春日大社
49%
埼玉県約205万人大宮氷川神社
46%
京都府約47万人北野天満宮
41%
北海道約79万人北海道神宮
40%
奈良県約76万人橿原神宮
37%
京都府約105万人八坂神社
36%
愛知県約107万人豊川稲荷
31%
長野県約43万人善光寺
31%
兵庫県約44万人西宮神社
29%
大阪府約53万人大阪天満宮
28%
兵庫県約155万人生田神社
28%
千葉県約52万人香取神宮
26%
福岡県約67万人宗像大社
25%
東京都約63万人西新井大師
21%
福岡県約53万人筥崎宮
20%
佐賀県約65万人祐徳稲荷神社
17%
兵庫県約90万人湊川神社
16%
滋賀県約46万人多賀大社
16%
宮城県約45万人塩釜神社
14%
茨城県約81万人笠間稲荷神社
13%
静岡県約62万人三嶋大社
12%
兵庫県約69万人長田神社
10%
奈良県約48万人大神神社
8%
千葉県約63万人千葉神社
7%
山口県約43万人防府天満宮
7%
埼玉県約42万人喜多院
7%
埼玉県約42万人鷲宮神社
6%
岐阜県約68万人伊奈波神社
4%
静岡県約52万人静岡浅間神社
4%
広島県約60万人広島護国神社
4%
福岡県約110万人宮地嶽神社
4%
大阪府約50万人大鳥大社
3%
大阪府約56万人成田山不動尊
3%
宮城県約45万人竹駒神社
3%
福岡県約70万人鷲尾愛宕神社
2%
愛知県約53万人犬山成田山
2%
岡山県約57万人高松最上稲荷
2%
熊本県約42万人加藤神社
2%

Score Distribution

Percentile by Number Answered

Percent of People with Each Score

Your Score History

You have not taken this quiz